000
00274nam a2200121 a 4500
008
100922s1985|||| d
245
1
0
_a
Stromy z raja
100
1
_a
Frühauf, Klaus
260
_b
Tatran
_a
Bratislava
_c
1985
020
_c
22
044
_a
xo
_c
SK
041
_a
slo
999
_c
10612
_d
10612